| 000 | 00437nam a2200133Ia 4500 | ||
|---|---|---|---|
| 003 | GCL | ||
| 008 | 140319s9999 xx 000 0 ara d | ||
| 040 |
_aGCL / _cGCL |
||
| 082 | 0 | 4 |
_a728.8 _bع ع |
| 245 | 1 | 0 | _aعالم القصور بالجنوب الشرقى التونسى |
| 260 |
_a[S.N] : _bالمؤسسة الوطنية للترجمة والتحقيق ، _c1992 |
||
| 300 | _a268 ص | ||
| 490 |
_aمعارف للجميع . تراث _v0 |
||
| 999 |
_c35441 _d35441 |
||